| 000 | 00700pam a2200217 a 4500 | ||
|---|---|---|---|
| 001 | 2438809 | ||
| 005 | 20250221210026.0 | ||
| 008 | 881230s1989 mdua b 001 0 eng c | ||
| 020 | _a9780683083361 | ||
| 050 | 0 | 0 |
_aRD771.B217 _bI57 1989 |
| 082 | 0 | 0 |
_a617/.56 _219 |
| 245 | 0 | 0 |
_aInterdisciplinary rehabilitation of low back pain / _cedited by C. David Tollison, Michael L. Kriegel. |
| 260 |
_aBaltimore : _bWilliams & Wilkins, _cc1989. |
||
| 300 |
_axviii, 365 : _bill. ; _c26 cm. |
||
| 650 | 0 |
_aBackache _xPatients _xRehabilitation. |
|
| 650 | 0 |
_aBackache _xTreatment. |
|
| 650 | 2 |
_aBackache _xtherapy. |
|
| 700 | 1 |
_aTollison, C. David, _d1949- |
|
| 700 | 1 | _aKriegel, Michael L. | |
| 942 |
_2lcc _cBK _n0 |
||
| 999 |
_c4094 _d4094 |
||